Memorias de la Real Academia de Ciencias (Record no. 173621)
[ view plain ]
| 000 -LEADER | |
|---|---|
| campo de control de longitud fija | 02467nam a2200313 i 4500 |
| 001 - NÚMERO DE CONTROL | |
| campo de control | 173621 |
| 003 - IDENTIFICADOR DE NÚMERO DE CONTROL | |
| campo de control | ES-MaACL |
| 005 - FECHA Y HORA DE LA ÚLTIMA TRANSACCIÓN | |
| campo de control | 20250809231449.0 |
| 007 - CAMPO FIJO DE DESCRIPCIÓN FÍSICA--INFORMACIÓN GENERAL | |
| campo de control de longitud fija | t| |
| 008 - DATOS DE LONGITUD FIJA--INFORMACIÓN GENERAL | |
| campo de control de longitud fija | 091215s18531853sp |||| | spa d |
| 110 2# - ENTRADA PRINCIPAL--NOMBRE DE ENTIDAD CORPORATIVA | |
| Nombre de entidad corporativa o nombre de jurisdicción como elemento de entrada | Real Academia de Ciencias Exactas, Físicas y Naturales de España. |
| 9 (RLIN) | 175635 |
| 245 10 - MENCIÓN DEL TÍTULO | |
| Título | Memorias de la Real Academia de Ciencias |
| Fechas predominantes | 1853. |
| 260 ## - PUBLICACIÓN, DISTRIBUCIÓN, ETC. | |
| Lugar de publicación, distribución, etc. | Madrid : |
| Nombre del editor, distribuidor, etc. | [s.n.], |
| Fecha de publicación, distribución, etc. | 1853 ( |
| Fabricante | Aguado Imp.) |
| 300 ## - DESCRIPCIÓN FÍSICA | |
| Extensión | v. ; |
| Dimensiones | 28 cm. |
| 505 8# - NOTA DE CONTENIDO CON FORMATO | |
| Nota de contenido con formato | Contiene: T. II: La importancia filosófica de la química / Manuel Rioz Pedraja (18 p.). El inmenso desarrollo que desde el siglo XVII han recibido las matemáticas / Manuel Monteverde (p. 19-28). Las condiciones que la España reune por su posición geográfica y su topografía física en favor de los rpogresos de las ciencias... / Antonio Remón Zarco del Valle (p. 29-38). La aparente sencillez del organismo vegetal / José Martín de León (p. 39-51). Del contrapeso que las ciencias de la naturaleza y señaladamente la química ejercen con sus pasmosos adelantamientos sobre los males que afligen a la humanidad / Juan María Pou y Camps (p. 53-76). Forma más conveniente de los triángulos geodésicos; Astronomía del tiempo / Antonio Terrero (p. 77-105 + 1 gráf. pleg.). Elementos de cronología analítica / José Sánchez Cerquero (p. 106-232). Teoría sobre la resolución general de los rpoblemas algebráicos / Francisco Marrón (p. 233-567). El origen y progresos de los instrumentos de astronomía y geodesia / Carlos Ibañez e Ibañez (30 p.). Contestación / Antonio Aguilar y Vela (p. 32-45). Comparación de la regla geodésica perteneciente al gobierno de S.A. el Virey de Egipto que sirvió para la medición de la base central del mapa de España / Ismael Effendy, Carlos Ibañez e Ibañez (p. 47-170 + 1 plan pleg.) |
| 700 1# - ENTRADA AGREGADA--NOMBRE PERSONAL | |
| Nombre de persona | Rioz y Pedraja, Manuel. |
| 9 (RLIN) | 131833 |
| 700 1# - ENTRADA AGREGADA--NOMBRE PERSONAL | |
| Nombre de persona | Monteverde, Manuel. |
| 9 (RLIN) | 141817 |
| 700 1# - ENTRADA AGREGADA--NOMBRE PERSONAL | |
| Nombre de persona | Remón Zarco del Valle, Antonio, |
| Fechas asociadas al nombre | 1789-1866 |
| 9 (RLIN) | 131690 |
| 700 1# - ENTRADA AGREGADA--NOMBRE PERSONAL | |
| Nombre de persona | Martín de León, José. |
| 9 (RLIN) | 141818 |
| 700 1# - ENTRADA AGREGADA--NOMBRE PERSONAL | |
| Nombre de persona | Pou y Camps, Juan María. |
| 9 (RLIN) | 131312 |
| 700 1# - ENTRADA AGREGADA--NOMBRE PERSONAL | |
| Nombre de persona | Terrero, Antonio. |
| 9 (RLIN) | 141819 |
| 700 1# - ENTRADA AGREGADA--NOMBRE PERSONAL | |
| Nombre de persona | Sánchez y Cerquero, José. |
| 9 (RLIN) | 141820 |
| 700 1# - ENTRADA AGREGADA--NOMBRE PERSONAL | |
| Nombre de persona | Marrón y Villodas, Francisco. |
| 9 (RLIN) | 77083 |
| 700 1# - ENTRADA AGREGADA--NOMBRE PERSONAL | |
| Nombre de persona | Ibáñez de Ibero, Carlos, |
| Títulos y otros términos asociados al nombre | Marqués de Mulhacén, |
| Fechas asociadas al nombre | 1888-1966 |
| 9 (RLIN) | 151481 |
| 700 1# - ENTRADA AGREGADA--NOMBRE PERSONAL | |
| Nombre de persona | Aguilar y Vela, Antonio, |
| Fechas asociadas al nombre | 1820-1882 |
| 9 (RLIN) | 18755 |
| 700 1# - ENTRADA AGREGADA--NOMBRE PERSONAL | |
| Nombre de persona | Effendy, Ismail. |
| 9 (RLIN) | 46686 |
| 852 ## - LOCALIZACIÓN | |
| Ubicación | ES-MaACL |
| Número de control de estantería | K-217 |
| Estatus retirado | Estado de pérdida | Estado de daño | No para préstamo | Colección | Biblioteca de origen | Biblioteca actual | Ubicación en estantería | Fecha de adquisición | Total de préstamos | Signatura topográfica completa | Código de barras | Visto por última vez | Precio de reemplazo | Tipo de ítem Koha |
|---|---|---|---|---|---|---|---|---|---|---|---|---|---|---|
| Libros del s. XIX | Biblioteca del Ateneo de Madrid | Biblioteca del Ateneo de Madrid | Administración | 15/12/2009 | K-217 | 1182203 | 23/02/2023 | 23/02/2023 | Libro impreso antiguo |
